000 00390nam a22001697a 4500
003 OSt
008 240410b |||||||| |||| 00| 0 eng d
020 _a9789355518972
082 _a005.133 RAL
100 _aRALTE,Zonunfeli
245 _aLearn Python Generative AI
250 _a1st Ed
260 _aNew Delhi
_bBPB
_c2024
300 _a324
700 _aKAR,Indrajit
942 _2ddc
_cBK
999 _c12431
_d12431